Statistics for Books by Country Quiz

Click here to take the quiz!

General Stats

  • This quiz has been taken 25,903 times
    (18,078 since last reset)
  • The average score is 13 of 22

Answer Stats

BookCountry% Correct
Romeo and JulietItaly
93%
The Great GatsbyUnited States
93%
Don QuixoteSpain
92%
Pride and PrejudiceUnited Kingdom
92%
Memoirs of a GeishaJapan
87%
War and PeaceRussia
87%
The IlliadTurkey / Greece
85%
The Count of Monte CristoFrance
84%
HamletDenmark
81%
The Girl with the Dragon TattooSweden
68%
The Kite RunnerAfghanistan
53%
Angela's AshesIreland
47%
The Last King of ScotlandUganda
47%
ShantaramIndia
45%
Girl with a Pearl EarringNetherlands
45%
Angels and DemonsVatican City
41%
Heart of DarknessD. R. Congo
38%
One Hundred Years of SolitudeColombia
36%
The Tin DrumGermany / Poland
33%
Cry, the Beloved CountrySouth Africa
26%
On the BeachAustralia
22%
Everything is IlluminatedUkraine
10%

Score Distribution

Percentile by Number Answered

Percent of People with Each Score

Your Score History

You have not taken this quiz since the last reset